[Event "EU-ch 21st"]
[Site "Reykjavik"]
[Date "2021.08.30"]
[Round "5"]
[White "Mamedov, Rauf"]
[Black "Hovhannisyan, Robert"]
[Result "1-0"]
[WhiteElo "2654"]
[BlackElo "2626"]
[PlyCount "73"]
[EventDate "2021.08.26"]
[EventType "swiss"]
[EventRounds "11"]
[EventCountry "ISL"]
[SourceTitle "CBM 204"]
[Source "ChessBase"]
[SourceDate "2021.10.31"]
[SourceVersion "1"]
[SourceVersionDate "2021.10.31"]
[SourceQuality "1"]

1. Nf3 d5 2. g3 Bg4 3. Bg2 e6 4. O-O Nf6 5. h3 Bh5 6. c4 c6 7. d4 Be7 8. Nc3 O-O 9. Ne5 Nbd7 10. g4 Bg6 11. Nxg6 hxg6 12. cxd5 $146 ({RR} 12. b3 Bb4 13. Qc2 Bxc3 14. Qxc3 Ne4 15. Qe3 f5 16. f3 f4 17. Qd3 Ng3 18. Rf2 e5 19. cxd5 cxd5 20. Qb5 exd4 21. Qxd5+ Kh7 22. Qxd4 Nb6 23. Bb2 Qe7 24. Re1 Rad8 25. Qe5 Qxe5 26. Bxe5 Nd5 {Donchenko,A (2646)-Sargissian,G (2682) Chess.com INT 2020 ½-½ (42)}) 12... exd5 13. Qb3 Qb6 14. Rd1 Qxb3 15. axb3 Ne8 16. e4 dxe4 17. d5 Nc5 18. dxc6 bxc6 19. Be3 Nxb3 20. Ra6 Bc5 21. Nxe4 Bxe3 22. fxe3 Nc7 23. Rxc6 Ne6 24. Nd6 Rad8 25. Bd5 Nbc5 26. b4 Na4 27. Bb3 Nb6 28. Rf1 Kh7 29. Nxf7 Rxf7 30. Rxf7 Ng5 31. Rxa7 Rd2 32. Kf1 Nd7 33. Ra2 Rd3 34. Bc2 Rxe3 35. Bxg6+ Kh6 36. Bf5+ Nf6 37. h4 1-0

[Event "Aimchess US Rapid Prelim"]
[Site "Chess24.com INT"]
[Date "2021.08.28"]
[Round "1"]
[White "Artemiev, Vladislav"]
[Black "Hansen, Eric"]
[Result "1-0"]
[WhiteElo "2704"]
[BlackElo "2606"]
[PlyCount "91"]
[EventDate "2021.08.28"]
[EventType "tourn (rapid)"]
[EventRounds "15"]
[EventCountry "USA"]
[EventCategory "20"]
[SourceTitle "CBM 204 Extra"]
[Source "ChessBase"]
[SourceDate "2022.09.12"]
[SourceVersion "1"]
[SourceVersionDate "2022.09.12"]
[SourceQuality "1"]

1. Nf3 d5 2. g3 g6 3. Bg2 Bg7 4. O-O e5 5. d3 Ne7 6. e4 O-O 7. a4 ({RR} 7. c3 a5 8. a4 {½-½ (10) Marin,M (2456)-Zylka,S (2401) San Vicente ESP 2024}) 7... Nbc6 8. c3 a5 9. Na3 h6 10. Nb5 Be6 11. Re1 Qd7 12. d4 exd4 $146 ({RR} 12... dxe4 13. Nxe5 Nxe5 14. dxe5 Qxd1 15. Rxd1 Rad8 16. Be3 c6 17. Nd6 Bxe5 18. Nxb7 Rxd1+ 19. Rxd1 Rb8 20. Rd8+ Rxd8 21. Nxd8 Bb3 22. Bxe4 Bxa4 23. Bxh6 Bb5 24. Nb7 a4 25. Bf4 Bf6 26. Nc5 Nd5 27. Bd2 {Artemiev,V (2704)-Nepomniachtchi,I (2792) Moscow 2021 ½-½ (41)}) 13. Nfxd4 Bg4 14. Bf3 Bxf3 15. Nxf3 Rad8 16. Bf4 dxe4 17. Qxd7 Rxd7 18. Rxe4 Nd5 19. Bd2 Rfd8 20. Rae1 f5 21. R4e2 Kf7 22. h4 Nb6 23. b3 Nd5 24. Kg2 b6 25. Kh3 Nf6 26. Bf4 Nd5 27. Be5 Nxe5 28. Nxe5+ Bxe5 29. Rxe5 Nf6 30. Nd4 Ne4 31. Nc6 Rf8 32. f3 Nf2+ 33. Kg2 Nd3 34. Re7+ Rxe7 35. Rxe7+ Kf6 36. Rxc7 Re8 37. Nd4 Re1 38. Rc6+ Kf7 39. h5 gxh5 40. Rxb6 Rc1 41. Rxh6 Rxc3 42. Rxh5 Kg6 43. Rxf5 Nc5 44. Rd5 Kf6 45. g4 Nd3 46. Kg3 1-0

[Event "Aimchess US Rapid Prelim"]
[Site "Chess24.com INT"]
[Date "2021.08.29"]
[Round "6"]
[White "Duda, Jan Krzysztof"]
[Black "Le, Quang Liem"]
[Result "1-0"]
[WhiteElo "2738"]
[BlackElo "2709"]
[PlyCount "141"]
[EventDate "2021.08.28"]
[EventType "tourn (rapid)"]
[EventRounds "15"]
[EventCountry "USA"]
[EventCategory "20"]
[SourceTitle "CBM 204 Extra"]
[Source "ChessBase"]
[SourceDate "2022.09.12"]
[SourceVersion "1"]
[SourceVersionDate "2022.09.12"]
[SourceQuality "1"]

1. Nf3 {Dolmatov,Sergey} d5 2. g3 c6 3. Bg2 Bg4 4. h3 Bh5 ({RR} 4... Bxf3 5. Bxf3 e5 6. d3 Nf6 7. O-O Bd6) 5. d3 ({RR} 5. d4 Nd7 6. c4 e6 7. cxd5 exd5 8. Nc3 Ngf6 9. Ne5 Nxe5 10. dxe5 Nd7 11. O-O Be7 12. f4 f5 13. Be3 Bc5 14. Bf2 Rc8 15. Na4 Bxf2+ 16. Rxf2 b5 17. Nc3 Nc5 18. Qd4 Qb6 19. Rc1 O-O {Keymer,V (2730)-Lodici,L (2556) Baden Baden GER 2025 ½-½ (62)}) 5... e6 ({RR} 5... Nd7 6. Nbd2 e5) 6. Nbd2 Nf6 ({RR} 6... Bd6 7. b3 Ne7 8. Bb2 O-O 9. O-O Nd7 10. e4 c5 11. Re1 Rc8 12. Qc1 b5 13. Nh4 f6 14. exd5 exd5 15. c4 Ne5 16. Qc2 bxc4 17. bxc4 Bf7 18. Rab1 Qd7 19. Nhf3 N5c6 20. Ba3 Rfd8 21. Kh2 {Karjakin,S (2771)-Meier,G (2632) Dubai 2014 0-1 (40)}) 7. g4 $146 ({RR} 7. b3 Bb4 8. Bb2 Bxf3 9. Bxf3 O-O ({RR} 9... Qa5 10. a3 Bc3 11. b4) 10. a3 ({RR} 10. O-O Qa5 11. Nb1) 10... Be7 11. Bg2 Nfd7 12. e4 ({RR} 12. c4 Bf6 13. d4) 12... dxe4 13. Nxe4 ({RR} 13. dxe4 Bf6) 13... f5 14. Nd2 Bf6 15. Bxf6 ({RR} 15. d4 e5 16. dxe5 Nxe5) 15... Qxf6 16. O-O Nb6 17. Qe2 e5 18. a4 a5 19. Rae1 ({RR} 19. Nc4 Nxc4 20. bxc4 Nd7) 19... N8d7 20. Nf3 Rfe8 21. Qd2 Nd5 {Bilek,I-Bronstein,D Moscow 1967 MCL [Dolmatov,Sergey] ½-½}) 7... Bg6 8. Nh4 Bc5 9. e3 Bb6 10. Qe2 Nfd7 11. Nxg6 hxg6 12. a3 Na6 13. b4 Bc7 14. c4 Rc8 15. Bb2 Be5 16. d4 Bf6 17. O-O Nb6 18. c5 Na4 19. Bc1 e5 20. Qd3 O-O 21. g5 Bxg5 22. dxe5 Nc7 23. Qc2 b5 24. f4 Be7 25. Nf3 Ne6 26. Rd1 f5 27. Rb1 g5 28. Rb3 Rc7 29. Nd4 Nxd4 30. exd4 gxf4 31. Bxf4 Bg5 32. Rf1 Bxf4 33. Rxf4 Qg5 34. Qf2 Rcf7 35. h4 Qh6 36. Rbf3 g6 37. Rg3 Rg7 38. Rgf3 Kf7 39. Kf1 Ke6 40. Ke1 Ra8 41. Bh3 a5 42. bxa5 Rxa5 43. Kd1 Ra8 44. Qd2 Ke7 45. Kc2 Rf7 46. Qe1 Ke6 47. Qg3 Rh8 48. Bf1 Qg7 49. Rf2 Rh6 50. Qg5 Rh5 51. Qd8 Qf8 52. Qa5 Qb8 53. Qa6 Qb7 54. Qxb7 Rxb7 55. Be2 Rh6 56. Kb3 Rbh7 57. h5 Rxh5 58. Bxh5 Rxh5 59. Kb4 Rh1 60. Rg2 Kf7 61. Ka5 Rh3 62. Ka6 Rxa3 63. Kb7 b4 64. Rh4 Kg7 65. Rgh2 Kf7 66. Rh8 f4 67. Kxc6 Nc3 68. Kd6 Ne4+ 69. Kxd5 Nc3+ 70. Kc4 Ke6 71. Kxb4 1-0

[Event "Sevastopol Waltz Blitz"]
[Site "Sevastopol"]
[Date "2021.08.28"]
[Round "11"]
[White "Kryakvin, Dmitry"]
[Black "Khegay, Dmitriy"]
[Result "1-0"]
[WhiteElo "2570"]
[BlackElo "2528"]
[PlyCount "56"]
[EventDate "2021.08.28"]
[EventType "swiss (blitz)"]
[EventRounds "13"]
[EventCountry "UKR"]
[SourceTitle "CBM 204 Extra"]
[Source "ChessBase"]
[SourceDate "2022.09.12"]
[SourceVersion "1"]
[SourceVersionDate "2022.09.12"]
[SourceQuality "1"]

1. Nf3 d5 2. c4 d4 3. g3 c5 4. Bg2 Nc6 5. O-O e5 6. e3 Bd6 7. exd4 cxd4 8. d3 Nge7 9. Nbd2 O-O 10. a3 a5 11. Re1 Ng6 ({RR} 11... f6 12. Rb1 a4 13. b4 axb3 14. Rxb3 Kh8 15. Qc2 b6 16. Ne4 Bc7 17. c5 Be6 18. Rb1 Bd5 19. cxb6 Bxb6 20. Nfd2 f5 21. Ng5 Ba5 22. Re2 Bxg2 23. Kxg2 Qd5+ 24. Ngf3 Bxd2 25. Bxd2 Rxa3 26. Qc4 {Mendonca,L (2562)-Grischuk,A (2745) Chess.com INT 2022 0-1 (31)}) 12. Qc2 f5 $146 ({RR} 12... Re8 13. b3 h6 14. Rb1 Be6 15. h4 Rc8 16. c5 Bb8 17. Nc4 f6 18. Bd2 Kh8 19. b4 axb4 20. axb4 Na7 21. Qc1 Nb5 22. Nh2 Qe7 23. Ra1 Rc7 24. Ra5 Bd7 25. Nb6 Bc6 26. Qc4 Na7 27. Nd5 {Capablanca,J-Janowski,D New York 1924 1-0 (46)}) ({RR} 12... Qe7 13. Ne4 Bc7 14. c5 Be6 15. b3 Bd5 16. Rb1 f5 17. Ned2 Kh8 18. Nxe5 Ngxe5 19. Bxd5 f4 20. Qd1 fxg3 21. hxg3 Rxf2 22. Kxf2 Nxd3+ 23. Kf1 Rf8+ 24. Nf3 Nxe1 25. Qxe1 Qd7 26. Be4 Qh3+ 27. Ke2 {Bruch,J (2180)-Kjoita,T (2055) Vrnjacka Banja SRB 2024 0-1 (67)}) 13. c5 Bc7 14. Nc4 h6 15. Rb1 Kh8 16. Nfd2 e4 17. b4 axb4 18. axb4 e3 19. fxe3 dxe3 20. Nxe3 f4 21. gxf4 Nxf4 22. Ne4 Nd4 23. Qd2 Qh4 24. Bh1 Nxd3 25. Rf1 Bh3 26. Rxf8+ Rxf8 27. Bb2 Nxb2 28. Qxd4 Bg2 1-0

[Event "Titled Tuesday intern op 07th Sept"]
[Site "Chess.com INT"]
[Date "2021.09.07"]
[Round "6"]
[White "Sviridov, Valery"]
[Black "Tabatabaei, Mohammad Amin"]
[Result "1-0"]
[WhiteElo "2562"]
[BlackElo "2624"]
[PlyCount "127"]
[EventDate "2021.09.07"]
[EventType "swiss (blitz)"]
[EventRounds "11"]
[EventCountry "USA"]
[SourceTitle "EXT 2022"]
[Source "ChessBase"]
[SourceDate "2021.10.06"]
[SourceVersion "1"]
[SourceVersionDate "2021.10.06"]
[SourceQuality "1"]

1. Nf3 Nf6 2. g3 b5 3. Bg2 Bb7 4. O-O e6 5. d3 c5 6. e4 d6 7. Nbd2 Be7 8. Nh4 ({RR} 8. Qe1 Nc6 9. c3 Qb6 10. Nh4 g5 11. Nhf3 g4 12. Nh4 Nd7 13. f4 O-O-O 14. a4 b4 15. Nc4 Qc7 16. Bd2 Ba6 17. cxb4 Bxc4 18. dxc4 cxb4 19. a5 Nc5 20. Qe3 Nxa5 21. Bxb4 Nxc4 22. Qc3 Nb6 {Roy,A (1920)-Gostelow,L (1826) England ENG 2024 0-1 (38)}) 8... Qc7 ({RR} 8... Nc6 9. f4 O-O 10. Nhf3 d5 11. e5 Ng4 12. Qe2 Qb6 13. h3 c4+ 14. d4 Nxd4 15. Nxd4 Qxd4+ 16. Kh1 Ne3 17. Nf3 Nxf1 18. Bxf1 Qe4 19. Qf2 Bc5 20. Qxc5 Qxf3+ 21. Bg2 Qd1+ 22. Kh2 Rab8 23. Qxa7 {Sviridov,V (2558)-Andreikin,D (2726) Chess.com INT 2020 0-1 (42)}) 9. f4 O-O $146 ({RR} 9... Nbd7 10. a4 b4 11. Nc4 O-O 12. Qe2 d5 13. Nd2 dxe4 14. dxe4 a5 15. b3 Ba6 16. Nc4 Nb6 17. Bb2 Nxc4 18. bxc4 Rad8 19. g4 Rd4 20. Bxd4 cxd4 21. Rf2 Bxc4 22. Qf3 Nxe4 23. Qxe4 Bxh4 24. Rd2 {Gevorgyan,D (2316)-Samsonkin,A (2428) Chess.com INT 2020 0-1 (49)}) 10. Nhf3 a5 11. a4 b4 12. b3 Nc6 13. Bb2 d5 14. Qe2 dxe4 15. dxe4 Nd4 16. Nxd4 cxd4 17. e5 Bxg2 18. Kxg2 Nd5 19. Nc4 Bc5 20. Rad1 Rad8 21. Bxd4 Qc6 22. Kh3 Bxd4 23. Rxd4 Qc5 24. Rd3 g6 25. Qf2 Qc7 26. Rfd1 Rd7 27. R1d2 Rfd8 28. Qf3 Qc5 29. Kg2 h5 30. Qf2 Qc6 31. Qf3 Qc5 32. Kh3 Kg7 33. Ne3 Kg8 34. Nxd5 Rxd5 35. Rxd5 Rxd5 36. Rxd5 exd5 37. Qd3 d4 38. Kg2 Qc6+ 39. Kf2 Qh1 40. h4 Qh2+ 41. Kf3 Qh1+ 42. Ke2 Qg2+ 43. Kd1 Qf2 44. Kc1 Kg7 45. Kb2 Kh6 46. Kc1 Kg7 47. Kb2 Kh6 48. Kb1 Kh7 49. Qc4 Kg8 50. Qc8+ Kg7 51. Qd7 Qxg3 52. e6 Qe1+ 53. Ka2 Qxe6 54. Qxd4+ Qf6 55. Qc5 Qxh4 56. Qxa5 Qf2 57. Qe5+ Kh7 58. Qc7 Kh6 59. a5 h4 60. a6 h3 61. a7 Qg2 62. Qc8 h2 63. a8=Q h1=Q 64. Qh8# 1-0

[Event "Online Olym Div Top-D"]
[Site "Chess.com INT"]
[Date "2021.09.08"]
[Round "3.4"]
[White "Liang, Awonder"]
[Black "Kevlishvili, Robby"]
[Result "1-0"]
[WhiteElo "2590"]
[BlackElo "2506"]
[PlyCount "117"]
[EventDate "2021.09.08"]
[EventType "team (rapid)"]
[EventRounds "9"]
[EventCountry "USA"]
[SourceTitle "CBM 204 Extra"]
[Source "ChessBase"]
[SourceDate "2022.09.12"]
[SourceVersion "1"]
[SourceVersionDate "2022.09.12"]
[SourceQuality "1"]
[WhiteTeam "US of America"]
[BlackTeam "Netherlands"]
[WhiteTeamCountry "USA"]
[BlackTeamCountry "NED"]

1. Nf3 d5 2. c4 c6 3. e3 Nf6 4. b3 e6 5. Bb2 Bd6 6. Qc2 ({RR} 6. Be2 O-O 7. O-O Nbd7 8. d4 b6 9. Nbd2 Bb7 10. Rc1 Qe7 11. Ne5 c5 12. Bf3 Rac8 13. Re1 Rfd8 14. Nxd7 Rxd7 15. dxc5 Bxc5 16. Qe2 Rcd8 17. cxd5 Bxd5 18. Nc4 h6 19. Ne5 Rd6 20. Bxd5 Nxd5 {Vachier Lagrave,M (2778)-Arjun,K (2477) Chess.com INT 2020 ½-½ (68)}) 6... O-O 7. g4 Nxg4 ({RR} 7... b5 8. g5 Ne4 9. h4 Na6 10. d3 Nb4 11. Qd1 Nc5 12. a3 Nba6 13. b4 Na4 14. Be5 Qc7 15. Bxd6 Qxd6 16. c5 Qc7 17. d4 Nb8 18. Bd3 Nb2 19. Bxh7+ Kxh7 20. Qc2+ Kg8 21. Qxb2 Nd7 22. h5 {Stamatiou,R (2274)-Lagarde,M (2615) chess.com INT 2025 1-0 (52)}) 8. Rg1 $146 ({RR} 8. h3 Nf6 9. Rg1 Nbd7 10. Nc3 a6 11. O-O-O e5 12. Kb1 Re8 13. Ne2 Nf8 14. Ng3 Ng6 15. Nf5 e4 16. Nxd6 Qxd6 17. Nd4 Bd7 18. c5 Qe7 19. Be2 Ne5 20. Rg3 g6 21. Rdg1 a5 22. h4 h5 {Erigaisi,A (2559)-Aditya,M (2438) Chess.com INT 2020 ½-½ (111)}) 8... f5 9. h3 Nf6 10. Nc3 Nbd7 11. O-O-O Qe7 12. Kb1 Ne5 13. Nd4 Bd7 14. f4 Ng6 15. Be2 a6 16. Na4 c5 17. Nf3 Bxa4 18. bxa4 b5 19. cxd5 exd5 20. Qxf5 bxa4 21. Ka1 Rab8 22. Ng5 a3 23. Bc3 d4 24. Bc4+ Kh8 25. exd4 cxd4 26. Bxd4 Bxf4 27. Ne6 Qb4 28. Bb3 Bxd2 29. Qd3 Bh6 30. Bc3 Qb6 31. Nxf8 Rxf8 32. Rge1 Nf4 33. Qd6 Qxd6 34. Rxd6 Bg5 35. Rxa6 h6 36. Rxa3 Nxh3 37. Ra5 Nf2 38. Rb5 N6e4 39. Bd4 Rd8 40. Bb2 Nd2 41. Rb7 Nxb3+ 42. axb3 Nd3 43. Bxg7+ Kg8 44. Rd1 Ra8+ 45. Kb1 Nc5 46. Rb5 Nxb3 47. Bc3 Nc1 48. Rb7 Ne2 49. Bb2 Nf4 50. Rg7+ Kf8 51. Rh7 Ra6 52. Rdd7 Ng6 53. Rb7 Bf4 54. Rhf7+ Ke8 55. Rg7 Re6 56. Rg8+ Nf8 57. Bg7 Re1+ 58. Kc2 Bd6 59. Bxf8 1-0

[Event "Online Olym Div Top-C"]
[Site "Chess.com INT"]
[Date "2021.09.11"]
[Round "8.3"]
[White "Donchenko, Alexander"]
[Black "Perez Ponsa, Federico"]
[Result "1-0"]
[WhiteElo "2641"]
[BlackElo "2554"]
[PlyCount "91"]
[EventDate "2021.09.09"]
[EventType "team (rapid)"]
[EventRounds "9"]
[EventCountry "USA"]
[SourceTitle "CBM 204 Extra"]
[Source "ChessBase"]
[SourceDate "2022.09.12"]
[SourceVersion "1"]
[SourceVersionDate "2022.09.12"]
[SourceQuality "1"]
[WhiteTeam "Germany"]
[BlackTeam "Argentina"]
[WhiteTeamCountry "GER"]
[BlackTeamCountry "ARG"]

1. Nf3 d5 2. g3 Bg4 3. Bg2 Nd7 4. h3 Bh5 5. O-O e6 6. d4 c6 7. c4 Bd6 8. Nc3 ({RR} 8. Qb3 Rb8 9. Nc3 f5 10. Bf4 Bxf4 11. gxf4 Bxf3 12. Bxf3 Qh4 13. cxd5 exd5 14. Bxd5 cxd5 15. Nxd5 Ngf6 16. Nc7+ Kd8 17. Ne6+ Ke7 18. Ng5 Qh5 19. Qe6+ Kf8 20. Qd6+ Kg8 21. Qe6+ Kf8 22. Qd6+ Kg8 {Saydaliev,S (2462)-Caruana,F (2803) chess.com INT 2025 ½-½}) 8... Ngf6 9. Qb3 Rb8 10. Nd2 Bg6 $146 ({RR} 10... b5 11. cxb5 c5 12. dxc5 Nxc5 13. Qd1 O-O 14. Nb3 Nxb3 15. axb3 Bc5 16. Bf4 Rb7 17. Be5 Qe7 18. Qd2 Nd7 19. Bf4 Bb4 20. e4 Nc5 21. exd5 Nxb3 22. d6 Qd7 23. Qd3 Bg6 24. Qd1 Nxa1 25. Bc6 {Kushko,D (2445)-Gorovets,A (2480) chess.com INT 2024 0-1 (49)}) 11. e4 dxe4 12. Ndxe4 Nxe4 13. Nxe4 Bxe4 14. Bxe4 O-O 15. Be3 Qa5 16. c5 Nf6 17. Bc2 Bc7 18. Bg5 Nd5 19. Qd3 g6 20. a3 Bd8 21. Bh6 Re8 22. b4 Qc7 23. Rad1 Bf6 24. h4 Rbd8 25. Qf3 Qe7 26. Kg2 Bg7 27. Bg5 Bf6 28. Bc1 Kg7 29. Rh1 h6 30. Qd3 Nc7 31. h5 Rxd4 32. Qe3 Rxd1 33. Qxh6+ Kg8 34. Rxd1 Bg7 35. Qd2 gxh5 36. Qe2 Rd8 37. Rh1 Kf8 38. Qxh5 Ke8 39. Qg4 Bf6 40. Rh7 Rd7 41. Bg6 Qf8 42. Bh6 Qg8 43. Bxf7+ Qxf7 44. Rxf7 Rxf7 45. Qg8+ Ke7 46. Qc8 1-0

[Event "Cheliabinsk Kurnosov Memorial Rapid"]
[Site "Cheliabinsk"]
[Date "2021.09.11"]
[Round "9"]
[White "Fedorov, Alexei"]
[Black "Zvjaginsev, Vadim"]
[Result "1-0"]
[WhiteElo "2532"]
[BlackElo "2603"]
[PlyCount "49"]
[EventDate "2021.09.10"]
[EventType "swiss (rapid)"]
[EventRounds "11"]
[EventCountry "RUS"]
[SourceTitle "CBM 204 Extra"]
[Source "ChessBase"]
[SourceDate "2022.09.12"]
[SourceVersion "1"]
[SourceVersionDate "2022.09.12"]
[SourceQuality "1"]

1. e4 c5 2. d3 Nc6 3. g3 d5 4. Nd2 Nf6 5. Bg2 e5 6. Ngf3 Be7 7. O-O O-O 8. Re1 d4 9. Nh4 ({RR} 9. a4 Be6 10. Nh4 Qc7 11. Nf5 Bxf5 12. exf5 Rad8 13. Nc4 Nd5 14. Be4 Bf6 15. g4 Qe7 16. f4 Bh4 17. Re2 Qc7 18. Bxd5 Rxd5 19. Rg2 exf4 20. Qf3 Qd8 21. Bxf4 Re8 22. Nd2 Ne5 23. Bxe5 Rdxe5 {Anupam,M (1871)-Preobrazhenskaya,D (1981) FIDE Online Arena INT 2024 0-1 (50)}) 9... g6 ({RR} 9... Ne8 10. Nf5 Nd6 11. Nxe7+ Qxe7 12. a4 Be6 13. b3 a6 14. Nc4 Nxc4 15. bxc4 b6 16. f4 f6 17. f5 Bf7 18. h4 Rfb8 {0-1 (18) Djukic,N (2574)-Ozen,B (2349) Skopje 2018}) 10. Bf1 Ne8 $146 ({RR} 10... Be6 11. Ng2 Qd7 12. f4 Ng4 13. Nf3 f6 14. Be2 Rad8 15. Rf1 c4 16. Nfh4 cxd3 17. cxd3 f5 18. exf5 gxf5 19. Bxg4 fxg4 20. f5 Bd5 21. Qxg4+ Kh8 22. Bh6 Bf6 23. Bxf8 Rxf8 24. Qh5 Nb4 25. Ng6+ {Welling,G (2351)-Rick,U (2187) Lueneburg 2014 1-0}) 11. Ng2 Nd6 12. f4 f6 13. Be2 Be6 14. Bg4 Bf7 15. Bh3 c4 16. Nf3 a5 17. Rf1 a4 18. fxe5 fxe5 19. Bh6 Re8 20. Qd2 Qa5 21. Qf2 Qb5 22. Ng5 Bxg5 23. Bxg5 Be6 24. Bxe6+ Rxe6 25. Bh6 1-0

[Event "Online Olym KO Stage"]
[Site "Chess.com INT"]
[Date "2021.09.13"]
[Round "1.21"]
[White "Adhiban, Baskaran"]
[Black "Shevchenko, Kirill"]
[Result "1-0"]
[WhiteElo "2672"]
[BlackElo "2633"]
[PlyCount "71"]
[EventDate "2021.09.13"]
[EventType "team-k.o. (rapid)"]
[EventRounds "3"]
[EventCountry "USA"]
[SourceTitle "CBM 204 Extra"]
[Source "ChessBase"]
[SourceDate "2022.09.12"]
[SourceVersion "1"]
[SourceVersionDate "2022.09.12"]
[SourceQuality "1"]
[WhiteTeam "India"]
[BlackTeam "Ukraine"]
[WhiteTeamCountry "IND"]
[BlackTeamCountry "UKR"]

1. b3 Nf6 2. Bb2 g6 3. Nf3 Bg7 4. g3 c5 5. c4 O-O 6. Bg2 d5 7. cxd5 Qxd5 8. Nc3 Qf5 9. Na4 Nc6 10. O-O Qh5 11. Rc1 b6 12. d4 Rd8 13. Qe1 Bh3 14. Nxc5 $146 ({RR} 14. dxc5 b5 15. Nc3 Ng4 16. Nh4 Bxg2 17. Kxg2 Nxh2 18. Kxh2 g5 19. Kg2 gxh4 20. Rh1 Bf6 21. Rb1 Qf5 22. f3 Qc2 23. Ba1 Qg6 24. Ne4 Bxa1 25. Rxa1 f5 26. Nc3 hxg3 27. Qxg3 a6 28. Rh6 Qxg3+ {Puranik,A (2635)-Yeremyan,A (2279) chess.com INT 2024 1-0 (44)}) 14... Ng4 15. e3 e5 16. Bxh3 Qxh3 17. Nd3 e4 18. Nf4 Qh6 19. Rxc6 exf3 20. h3 Nf6 21. Qd1 g5 22. Nd3 g4 23. hxg4 Qg6 24. Ne5 Qe4 25. Qxf3 Qxf3 26. Nxf3 Nxg4 27. Kg2 h5 28. Rh1 Rd5 29. e4 Ra5 30. a4 Re8 31. Bc3 Ra6 32. e5 f6 33. Rxh5 fxe5 34. dxe5 Rf8 35. Rg5 Nh6 36. Rxh6 1-0

[Event "Titled Tuesday intern op 14th Sept"]
[Site "Chess.com INT"]
[Date "2021.09.14"]
[Round "6"]
[White "Lagarde, Maxime"]
[Black "Deac, Bogdan Daniel"]
[Result "1-0"]
[WhiteElo "2625"]
[BlackElo "2639"]
[PlyCount "91"]
[EventDate "2021.09.14"]
[EventType "swiss (blitz)"]
[EventRounds "11"]
[EventCountry "USA"]
[SourceTitle "EXT 2022"]
[Source "ChessBase"]
[SourceDate "2021.10.06"]
[SourceVersion "1"]
[SourceVersionDate "2021.10.06"]
[SourceQuality "1"]

1. Nf3 {Stockfish 16.1} d5 2. g3 Nf6 3. Bg2 e6 4. O-O Be7 5. d3 O-O 6. Nbd2 Nc6 7. d4 b6 ({RR} 7... Ne4 8. c3 f5 9. Ne1 e5 10. dxe5 Nxe5 11. Nd3 Ng6 12. c4 Be6 13. cxd5 Nxd2 14. dxe6 Nxf1 15. Kxf1 c6 16. Qb3 Qb6 17. Qc4 Kh8 18. Be3 Qc7 19. f4 Rad8 20. Rc1 Bf6 21. Qb4 Rfe8 22. Bxa7 {Kramnik,V (2801)-Aronian,L (2792) Zuerich 2016 ½-½ (49)}) 8. c4 ({RR} 8. c3 Bb7 9. Qc2 Nb8 10. c4 dxc4 11. Nxc4 Be4 12. Qd1 Nbd7 13. Re1 c5 14. Bf4 Nd5 15. Bd6 b5 16. Bxe7 Qxe7 17. Ncd2 Bxf3 18. Nxf3 c4 19. a3 Rab8 20. e4 N5b6 21. d5 e5 22. Bh3 g6 {Mammadzada,G (2396)-Beydullayeva,G (2400) Baku AZE 2025 ½-½ (72)}) 8... Bb7 9. b3 a5 10. a3 $146 ({RR} 10. Bb2 a4 11. cxd5 exd5 12. bxa4 Bd6 13. Nb1 Ne4 14. Nfd2 ({RR} 14. Nc3 Na5 15. Qc2 f6 16. e3 f5 17. Ne5) 14... Nxd2 ({RR} 14... f5 15. Nb3 h5 16. Nc3 h4 17. Nxd5 Ne7 18. Nxe7+ Qxe7 19. Nd2 Bd5 20. Qc2) 15. Nxd2 Bb4 16. Nb1 Na5 17. Bc3 Qe7 18. Qc2 Bd6 19. e3 Qd7 20. Bxa5 Rxa5 21. Nc3 Rfa8 22. Qb3 Bf8 23. Rfc1 Rd8 24. Rab1 Ba8 {Shankland,S (2671)-Sivuk,V (2541) Shsrjah - Abu Dhabi 2024 [Stockfish 16.1] 1-0 (56)}) 10... Na7 11. Bb2 Nc8 12. Ne5 c6 13. Rc1 Nd6 14. Qc2 Rc8 15. c5 bxc5 16. dxc5 Nb5 17. e4 Nc7 18. Rfd1 Na6 19. Nd3 Nd7 20. b4 axb4 21. axb4 Nc7 22. h4 Ba6 23. Nb3 Bf6 24. Na5 Bxd3 25. Rxd3 Nb5 26. Nxc6 Rxc6 27. exd5 exd5 28. Bxd5 Rc7 29. Bc4 Qb8 30. Rcd1 Ne5 31. Bxe5 Bxe5 32. Rf3 Nd4 33. Rxd4 Bxd4 34. Qe4 Rd7 35. c6 Rd6 36. b5 Qc7 37. Rxf7 Qxf7 38. Bxf7+ Kxf7 39. Qf4+ Ke7 40. Qxf8+ Kxf8 41. c7 Bxf2+ 42. Kxf2 Rd2+ 43. Ke3 Rc2 44. b6 Ke7 45. b7 Rxc7 46. b8=Q 1-0

[Event "Sharjah Masters 4th"]
[Site "Sharjah"]
[Date "2021.09.21"]
[Round "5"]
[White "Jumabayev, Rinat"]
[Black "Gupta, Abhijeet"]
[Result "1-0"]
[WhiteElo "2651"]
[BlackElo "2612"]
[PlyCount "87"]
[EventDate "2021.09.17"]
[EventType "swiss"]
[EventRounds "9"]
[EventCountry "UAE"]
[SourceTitle "CBM 204 Extra"]
[Source "ChessBase"]
[SourceDate "2022.09.12"]
[SourceVersion "1"]
[SourceVersionDate "2022.09.12"]
[SourceQuality "1"]

1. Nf3 d5 2. g3 g6 3. Bg2 Bg7 4. O-O e5 5. d3 Nc6 6. Nc3 d4 7. Ne4 h6 8. c3 Nge7 9. cxd4 exd4 10. Qa4 O-O 11. b4 a6 12. b5 Na7 $146 ({RR} 12... Nb8 13. Bb2 Nd7 14. Bxd4 Nb6 15. Qb4 a5 16. Qc3 Na4 17. Qc4 Nb6 18. Qc3 Na4 19. Qc4 Nb6 20. Bxb6 cxb6 21. d4 Be6 22. Qd3 Rc8 23. Nc3 Bc4 24. Qe4 Nf5 25. Rfd1 Re8 26. Qf4 Bxe2 27. Nxe2 {Amundsen,A (1956)-Pedersen,M (2064) Fagernes NOR 2023 ½-½ (45)}) 13. bxa6 Nac6 14. Bb2 Rxa6 15. Qc2 b6 16. a3 Be6 17. Rac1 Ra7 18. Rfe1 Na5 19. e3 Nb3 20. Nxd4 Nxd4 21. exd4 Bxd4 22. Nf6+ Kg7 23. Nd5 c5 24. Bxd4+ cxd4 25. Nc7 Bb3 26. Qe2 Nf5 27. Bh3 Kg8 28. Qb2 Rxc7 29. Qxb3 Nd6 30. Qb4 Rxc1 31. Rxc1 Nb7 32. Rc6 Nc5 33. Bf1 Nd7 34. Qxd4 Qe7 35. Qd6 Re8 36. d4 Kg7 37. a4 Qxd6 38. Rxd6 Nf6 39. Rxb6 Re1 40. a5 Ne4 41. Rb2 Rd1 42. a6 Nd2 43. Kg2 Nxf1 44. Ra2 1-0

[Event "Douglas Manx Liberty"]
[Site "Douglas"]
[Date "2021.09.22"]
[Round "5"]
[White "McShane, Luke J"]
[Black "Parligras, Mircea Emilian"]
[Result "1-0"]
[WhiteElo "2674"]
[BlackElo "2583"]
[PlyCount "85"]
[EventDate "2021.09.18"]
[EventType "tourn"]
[EventRounds "9"]
[EventCountry "ENG"]
[EventCategory "12"]
[SourceTitle "CBM 204 Extra"]
[Source "ChessBase"]
[SourceDate "2022.09.12"]
[SourceVersion "1"]
[SourceVersionDate "2022.09.12"]
[SourceQuality "1"]

1. Nf3 d5 2. g3 Bg4 3. Bg2 e6 4. O-O Nf6 5. h3 Bh5 6. c4 c6 7. d3 Be7 8. Qb3 ({RR} 8. cxd5 cxd5 9. Qb3 Bxf3 10. Bxf3 Qd7 11. Be3 O-O 12. Rc1 Nc6 13. Nd2 a5 14. a4 Ne8 15. Bc5 Bxc5 16. Rxc5 Nd6 17. e3 h6 18. d4 Nb4 19. Rac1 Rac8 20. R5c3 Rfd8 21. Be2 Rb8 22. h4 Rdc8 {Aronian,L (2774)-Meier,G (2621) Karlsruhe/Baden-Baden 2017 ½-½ (41)}) 8... Qc8 9. Nc3 O-O 10. Bf4 Nbd7 $146 ({RR} 10... Rd8 11. Rac1 Nbd7 12. cxd5 Nc5 13. Qa3 Bf8 14. d6 Bxf3 15. Bxf3 Ncd7 16. d4 Nb6 17. e4 Nc4 18. Qb3 Nxd6 19. Bxd6 Rxd6 20. e5 Rxd4 21. exf6 gxf6 22. Rfd1 Rxd1+ 23. Rxd1 f5 24. Ne2 Qc7 25. Qd3 {Ibarra Jerez,J (2570)-Bluebaum,M (2647) Chess.com INT 2022 1-0 (40)}) 11. cxd5 exd5 12. Nd4 Nc5 13. Qc2 Bg6 14. Rad1 Ne6 15. Be3 c5 16. Nxe6 fxe6 17. Bg5 c4 18. e4 cxd3 19. Qxd3 Bb4 20. Bxf6 Rxf6 21. Ne2 Qf8 22. Nf4 Bxe4 23. Bxe4 dxe4 24. Qxe4 Bd6 25. Nd3 Qe7 26. Rfe1 Rc8 27. Re2 Rc6 28. Rc1 Rxc1+ 29. Nxc1 Qc7 30. Rc2 Qb6 31. Kg2 Qb5 32. Nd3 Qd5 33. Qxd5 exd5 34. Rc8+ Rf8 35. Rxf8+ Kxf8 36. Kf3 Ke7 37. Nf4 Bxf4 38. Kxf4 Ke6 39. Ke3 h5 40. g4 h4 41. f4 g6 42. Kd4 Kd6 43. f5 1-0